000 00764cam a22002291i 4500
001 ca 36000060
003 DLC
005 20260227111139.0
008 770224s1935 nyu 000 0 eng
010 _aca 36000060
035 _a(OCoLC)2761650
040 _aDLC
_cMNoW
_dDLC
042 _apremarc
050 0 0 _aPS3525.A2668
_bL5 1935
082 _a812.5
100 1 _aMcLaughlin, Robert Hugus,
_d1877-
245 1 0 _aLittle orphan Annie :
_ba comedy-drama in three acts from the poems and stories of James Whitcomb Riley /
_cby Robert McLaughlin.
260 _aNew York :
_bFrench,
_c1935.
300 _a96 p. :
_bill. ;
_c19 cm.
500 _a"Copyright, 1918 (under title, 'Home folks')"
700 1 _aRiley, James Whitcomb,
_d1849-1916.
_tLittle orphan Annie.
999 _c17955
_d17955